000 00612nam a22001817a 4500
005 20150713112217.0
010 _aENG-113240
020 _c220.00
_a9789352060092
035 _aEN-96772
037 _bDBAD/PUB
082 _a363.34
100 _aPatel, Ektaa
245 _aGauri Kund 1.5 km :
_cby Ektaa Patel
_ba stirring saga of eight who witnessed near-death experience in Kedarnath natural disaster /
260 _aChennai
_bNotion Press
_c2015
270 _a5, Muthu Kalathy Street, Triplicane,
_bChennai
_e600005
300 _axv,173p.
_c21cm(pbk)
942 _2ddc
_cEN
_mPAT
_h363.34
999 _c94161
_d94161